Veinte poemas de amor y una canción desesperada / (Registro nro. 11148)

Detalles MARC
000 -LIDER
fixed length control field 00811nam a22002417a 4500
003 - IDENTIFICACDOR DE NÚMERO DE CONTROL
control field DO-SdBNP
005 - DATE AND TIME OF LATEST TRANSACTION
control field 20180206114715.0
008 - ELEMENTOS DE LONGITUD FIJA
fixed length control field 160811b 1997 mx |||| 00| 0 spa d
020 ## - ISBN
International Standard Book Number 9789500362368
040 ## - FUENTE DE CATALOGACIÓN
Agencia que crea de manera original el registro BPMSU
Idioma de catalogación spa
Agencia que realiza la transcripción BPMSU
082 #4 - NÚMERO DE CLASIFICACIÓN DECIMAL DE DEWEY
Classification number xxxxx
Item number xxxxx
100 1# - ASIENTO PRINCIPAL -- NOMBRE PERSONAL
Nombre personal Neruda, Pablo,
Fechas asociadas con el nombre 1904-1973
245 1# - MENCIÓN DE TITULO
Título Veinte poemas de amor y una canción desesperada /
Mención de responsabilidad Pablo Neruda ; ilustración Raúl Soldi
246 1# - VARIACION DEL TÍTULO
Título propiamente dicho o título corto 20 poemas de amor y una canción desesperada
260 ## - PUBLICACIÓN, DISTRIBUCIÓN, ETC. (PIE DE IMPRENTA)
Lugar de publicación, distribución, etc México :
Nombre del editor, distribuidor, etc. Losada,
Fecha de publicación, distribución, etc 1997.
Fecha de impresión 5a reimpresión 1999
300 ## - DESCRIPCIÓN FÍSICA
Extensión 115 p. :
Otros detalles físicos il.,
Dimensiones 18 cm.
490 1# - MENCIÓN DE SERIES
Mención de serie Biblioteca clásica y contemporánea
700 1# - ASIENTO SECUNDARIO -- NOMBRE PERSONAL
Nombre personal Soldi, Raúl,
Mención de responsabilidad il.
830 #0 - ASIENTO SECUNDARIO DE SERIE--TÍTULO UNIFORME
Título uniforme Biblioteca clásica y contemporánea
942 ## - ADDED ENTRY ELEMENTS (KOHA)
Source of classification or shelving scheme Dewey Decimal Classification
Koha item type Libros
945 ## - INFORMACIÓN DE PROCESAMIENTO LOCAL
Información de procesamiento local Inventariado, 2018 / BT
956 ## - LOCAL ELECTRONIC LOCATION AND ACCESS (OCLC)
Nombre de host BTAVÁREZ
Número de acceso 10
Información de compresión 20161108
Trayectoria 001120
Existencias
Withdrawn status Lost status Source of classification or shelving scheme Damaged status Not for loan Collection code Home library Current library Date acquired Source of acquisition Total Checkouts Full call number Barcode Date last seen Price effective from Koha item type
    Dewey Decimal Classification     Colección General Biblioteca Pública Metropolitana Salomé Ureña Biblioteca Pública Metropolitana Salomé Ureña 08/11/2016 FUNDI   xxxxx xxxxx BPMSU16080166 08/11/2016 08/11/2016 Libros